000 00305nam a22001337a 4500
008 170928b xxu||||| |||| 00| 0 eng d
020 _a9781561343379
041 _aeng
080 _a37
100 _a47
101 _aEDU
245 _aCHILD GROWTH AND DEVELOPMENT
_cBOYATZIS.CH.J
942 _2udc
_cBK
999 _c30393
_d30393